Érdemes odafigyelnünk
Elmentve itt :
| Szerző: | |
|---|---|
| Adatforrás: | Meister |
| Forrásdokumentuma: | A Hét. - 11 sz., 1995, 8 p. |
| Nyelv: | magyar |
| Kulcsszavak: | intézménytörténet könyvkiadók magyar könyvkiadás (romániai) könyvkiadás (romániai magyar) Székelyudvarhely BEKE Sándor Erdélyi Gondolat Kiadó |
| LEADER | 00547nab a2200193 i 4500 | ||
|---|---|---|---|
| 001 | bibPRO00005876 | ||
| 008 | 060524s1995 xx hun | ||
| 040 | |a Sz1 | ||
| 041 | |a hun | ||
| 100 | 1 | |a FODOR Sándor | |
| 245 | 1 | 0 | |a Érdemes odafigyelnünk |c FODOR Sándor |
| 695 | |a intézménytörténet | ||
| 695 | |a könyvkiadók | ||
| 695 | |a magyar könyvkiadás (romániai) | ||
| 695 | |a könyvkiadás (romániai magyar) | ||
| 695 | |a Székelyudvarhely | ||
| 695 | |a BEKE Sándor | ||
| 695 | |a Erdélyi Gondolat Kiadó | ||
| 773 | 0 | |t A Hét. - |g 11 sz., 1995, 8 p. | |